000 00871nam a22002297a 4500
005 20180615170216.0
010 _a1718EN-30 ENG-122736-37 B-689031-038
020 _a9788126919727 (v.1)
_c595.00 (each)
020 _a9788126919734 (v.2)
_c595.00 (each)
035 _aEN-106268-69
035 _aB-689031-038
037 _bAtlantic
_adpl
037 _bDBAD/PUB.
082 _a519.5
100 _aGupta, K.R.
245 _aMathematical statistics /
_cby K.R. Gupta
260 _aNew Delhi
_bAtlantic
_c2015
270 _a7/22, Ansari Road, Darya Ganj,
_bNew Delhi
_e110002
300 v _a2V.(vi,656p.; vi,657-1293p.)
_c24cm(pbk)
942 _2ddc
_cEN
_mGUP
_h519.5
999 _c145559
_d145559